000 00559nam a22001937a 4500
999 _c172394
_d172394
005 20200204142129.0
010 _aA-26123
020 _c20.00
035 _aA-26123
037 _bBPPD/Pub.
082 _a840.9
100 _aزیدی ، علی جواد
245 _aدو ادبی اسکول /
_cعلی جواد زیدی
246 _aDo Adabi School (Urdu) /
_bby Ali Jawad Zaidi
260 _aLucknow
_bNeem Book Depot
_c1980 ء
270 _aLaposh Road
_bLucknow
300 _a476p.
_c20cm(Hb)
942 _2ddc
_cUR
_h840.9
_mز ی د